Ewige Tabelle der Ligue 1 - Statistiken

Allgemein
  • Dieses Quiz wurde 384 mal gespielt
  • Das Durchschnittsergebnis liegt bei 27 aus 76
Antwortstatistiken
Platz Team Punkte % Korrekt
1. Olympique Marseille 4.319
98%
7. Paris Saint-Germain 3.382
96%
65. Lyon OU 42
93%
5. Olympique Lyon 3.783
93%
2. AS Monaco 3.976
88%
64. CA Paris-Charenton 43
87%
55. Paris FC 136
87%
3. FC Girondins Bordeaux 3.918
86%
8. OGC Nizza 3.344
84%
6. OSC Lille 3.469
79%
10. FC Nantes 3.223
78%
9. Stade Rennes 3.230
75%
16. Montpellier HSC 1.940
69%
4. AS Saint-Étienne 3.882
68%
14. FC Metz 2.867
66%
15. Stade Reims 2.161
66%
12. RC Lens 3.207
65%
13. RC Straßburg Alsace 3.003
63%
17. AJ Auxerre 1.879
53%
30. Stade Brest 855
51%
26. Le Havre 1.090
49%
40. AC Ajaccio 548
40%
48. Dijon FCO 206
40%
67. GFC Ajaccio 37
40%
23. SCO Angers 1.461
37%
57. Clermont Foot 63 120
35%
18. Nimes Olympique 1.791
35%
61. SC Nimes 83
35%
24. AS Nancy-Lorraine 1.426
34%
35. FC Nancy 648
34%
19. SC Bastia 1.601
33%
59. Amines SC 106
32%
46. FC Le Mans 264
32%
11. FC Sochaux-Montbéliard 3.207
32%
28. AS Cannes 932
31%
38. EA Guingamp 572
31%
34. ESTAC Troyes 666
31%
32. FC Lorient 756
31%
29. FC Rouen 860
29%
22. FC Valenciennes 1.465
27%
21. Racing Club de France 1.504
23%
60. Racing Club Roubaix 98
23%
49. FC Mulhouse 188
22%
50. Thonon Evian Grand Geneve FC 171
22%
51. Tours FC 170
22%
53. Grenoble Foot 38 141
21%
20. FC Tolouse 1.598
20%
27. FC Tolouse 965
20%
39. Red Star FC 568
20%
41. Sporting Club de Toulon 529
19%
63. SR Colmar 43
19%
25. CS Sedan-Ardennes 1.102
17%
31. SM Caen 784
17%
71. US Boulogne 31
17%
37. Stade Laval 616
16%
42. Club Olympique de Roubaix-Tourcoing 473
15%
52. Olympique d'Ales en Cevennes 170
15%
73. AS Aix-en-Provence 26
13%
44. Excelsior AC Roubaix 271
13%
54. Limoges Football 139
13%
33. Sporting Club Sétois 705
13%
68. AS Beziers 33
12%
70. LB Chateauroux 31
12%
62. Chamois Niortais FC 43
11%
47. FC Antibes 238
10%
76. Hyeres 83 FC 16
10%
69. Istres Football Club 32
10%
66. FC Gueugnon 38
9%
74. Athletic Club Arlesien 20
8%
72. Avenir Club avignonnais 27
8%
75. Club francais 18
8%
58. FC Martigues 117
8%
43. Olympique lillois 326
8%
36. Stade Francais 648
8%
56. Angouleme Charente FC 123
6%
45. Sporting Club fivois 269
6%
Keine übereinstimmenden Quizze gefunden
Verteilung der Resultate
Anzahl Personen mit jedem Resultat
Perzentil nach korrekt beantworteten Fragen
Ihre Resultats-Entwicklung
Sie haben dieses Quiz noch nicht gespielt